Analýza konkurencie Slovenskej sporiteľne, a..s. - Mestská pobočka Nové Zámky diplomová práca

Salvato in:
Dettagli Bibliografici
Autore principale: Turzová, Tatiana
Ente Autore: Obchodná fakulta EU. Katedra marketingu
Altri autori: Hasprová, Mária, 1970-
Natura: Libro
Lingua:slovacco
Pubblicazione: Bratislava 2009
Tags: Aggiungi Tag
Nessun Tag, puoi essere il primo ad aggiungerne!!

MARC

LEADER 00000nam$a2200000$$$4500
001 0098048
005 20240318135314.1
041 0 |a slo 
044 |a SK 
245 1 0 |a Analýza konkurencie Slovenskej sporiteľne, a..s. - Mestská pobočka Nové Zámky  |b diplomová práca  |c Tatiana Turzová ; škol. Mária Hasprová 
264 1 |a Bratislava  |c 2009 
300 |a 62 s. 
100 1 |a Turzová, Tatiana 
700 1 |a Hasprová, Mária, 1970- 
710 2 |a Obchodná fakulta EU. Katedra marketingu